| 000 | 00656nam a22001575i 4500 | ||
|---|---|---|---|
| 001 | 184388 | ||
| 003 | ES-MaACL | ||
| 005 | 20230906222200.0 | ||
| 008 | 150804s1898 sp |||| | spa d | ||
| 110 | 2 |
_aColegio-Instituto de Santa María de Cée. _9134272 |
|
| 245 | 1 | 0 |
_aMemoria acerca del estado del colegio y escuelas de Santa María de Cée (fundado por D. Fernando Blanco de Lema) _b: curso de 1897 á 1898 / _cescrita y leída por Manuel Porrúa Rodríguez. |
| 260 |
_aMadrid : _b[s.n.], _c1898 ( _fImprenta de Hernando y Compañía) |
||
| 300 |
_a60 p. ; _c23 cm. |
||
| 700 | 1 |
_aPorrúa Rodríguez, Manuel. _9131288 |
|
| 852 |
_aES-MaACL _jT-869-F-10 |
||
| 999 |
_c184388 _d184388 |
||